Paris pendant la réaction thermidorienne et sous le directoire / (Registro nro. 151633)

Detalles MARC
000 -LEADER
campo de control de longitud fija 00883nam a22001935i 4500
001 - NÚMERO DE CONTROL
campo de control 151633
003 - IDENTIFICADOR DE NÚMERO DE CONTROL
campo de control ES-MaACL
005 - FECHA Y HORA DE LA ÚLTIMA TRANSACCIÓN
campo de control 20231103062534.0
008 - DATOS DE LONGITUD FIJA--INFORMACIÓN GENERAL
campo de control de longitud fija 990917m18981902fr |||| | fre d
100 1# - ENTRADA PRINCIPAL--NOMBRE DE PERSONA
Nombre de persona Aulard, A.
9 (RLIN) 218039
245 10 - MENCIÓN DEL TÍTULO
Título Paris pendant la réaction thermidorienne et sous le directoire /
Mención de responsabilidad, etc. recueil de documents pour l'histoire de l'esprit public a Paris par A. Aulard.
260 ## - PUBLICACIÓN, DISTRIBUCIÓN, ETC.
Lugar de publicación, distribución, etc. Paris :
Nombre del editor, distribuidor, etc. Librairie Léopold Cerf :
-- Librairie Noblet :
-- Maison Quantin,
Fecha de publicación, distribución, etc. 1898-1902.
300 ## - DESCRIPCIÓN FÍSICA
Extensión 5 v. ;
Dimensiones 26 cm.
490 1# - MENCIÓN DE SERIE
Mención de serie Collection de documents relatifs a l'histoire de Paris pendant la Revolution Française
651 #4 - PUNTO DE ACCESO ADICIONAL DE MATERIA--NOMBRE GEOGRÁFICO
Nombre geográfico Francia-
Subdivisión general Historia-
Subdivisión cronológica 1789-1799, Revolución
9 (RLIN) 8685
830 0# - PUNTO DE ACCESO ADICIONAL DE SERIE-TÍTULO UNIFORME
Título uniforme Collection de documents relatifs a l'histoire de Paris pendant la Revolution Française
9 (RLIN) 221251
852 ## - LOCALIZACIÓN
Ubicación ES-MaACL
Número de control de estantería B-4493-96
condición física - Falta el v. IV
Existencias
Estatus retirado Estado de pérdida Estado de daño No para préstamo Colección Biblioteca de origen Biblioteca actual Ubicación en estantería Fecha de adquisición Total de préstamos Signatura topográfica completa Código de barras Visto por última vez Precio de reemplazo Tipo de ítem Koha
        Libros del s. XIX Biblioteca del Ateneo de Madrid Biblioteca del Ateneo de Madrid Sala Pardo Bazán 17/01/2008   B-4493-96 1158242 23/02/2023 23/02/2023 Libro impreso antiguo